歴代琉球国王 - Statistics

General Stats
  • This quiz has been taken 3 times
  • The average score is 8 of 26
Answer Stats
名前 % Correct
2 巴志
100%
1
67%
3
67%
6
67%
8
67%
11
67%
19
67%
1 思紹
33%
3
33%
7
33%
4
33%
7
33%
9
33%
13
33%
16
33%
17
33%
4 思達
0%
5 金福
0%
6 泰久
0%
2 宣威
0%
5
0%
10
0%
12
0%
14
0%
15
0%
18
0%
No matching quizzes found
Score Distribution
Percent of People with Each Score
Percentile by Number Answered
Your Score History
You have not taken this quiz